personnalités françaises de A à Z. - Statistiques

Statistiques générales
  • Ce quiz a été pris 333 fois
  • Le résultat moyen est 12 sur 26
Statistiques - réponses
Lettre Indice Personnalité % Correct
B Qui a le droit/ Place des grands hommes Patrick Bruel
82%
M Natation/ frère/ Or Laure Manaudou
76%
Z J'accuse / Germinal Emile Zola
74%
A Humoriste/ Acteur/ Les profs Kev Adams
68%
C Le Splendide/ Acteur/ Astérix Christian Clavier
65%
S Animateur/ Chanteur / Cabaret Patrick Sébastien
62%
D Stade Toulousain/ demi de mêlée Antoine Dupont
61%
F Mal aimé/ Chanteur/ Ampoule Claude Francois
61%
J Animateur émission éducative pour les jeunes/ Fred/ Marcel Jamy
60%
I Youtube/ crouton Inoxtag
57%
K Footballeur/ Petit/ gentil/ Tricheur N'golo Kanté
57%
R Animateur/ Marche/ Tache Jean-Luc Reichmann
51%
V Premier ministre Manuel Valls
50%
G Céline Dion/ Enfoirés/ Discret Goldman
48%
E Humoriste / Marcelo / The Weekend Fabrice Eboué
41%
Q Maître de midi/ Prison Christian Quesada
39%
O Camping / Marié / Régime Laurent Ournac
36%
H Génération Yéyé/ Belge/ Laura Jonnhy Hallyday
35%
P Athlétisme/ Triple Or aux JO/ la Gazelle Marie-José Perec
35%
N Milliardaire / Télécommunication Xavier Niel
29%
W Miss/ TPMP/ Fort Boyard Delphine Wespiser
24%
T Humoriste/ On n'demande qu'à en rire/ Duos Arnaud Tsamere
23%
L Miss France 2013 / Bourgogne Marine Lorphelin
23%
U Prénom/ Aventurier/ TF1/ Gagnant Ugo
23%
Y Footballeur / Jeune / Dogues Lenny Yoro
12%
X Foot/ PSG/ OM/ Lens/ OL/ Montpellier/ années 80 Daniel Xuereb
5%
Aucun quiz correspondant
Distribution des résultats
% des personnes avec chaque résultat
Percentile par nombre de réponses
Votre historique - résultats
Vous n’avez pas pris ce quiz